000 00385nam a2200145Ia 4500
008 230312s9999||||xx |||||||||||||| ||und||
020 _a81-203-3027-6
082 _a621.382
_bAWA-E
100 _aAwad;Elias.M
245 0 _aElectronic Commerce from Vision to Fulfillment
260 _bPHI
_aIndia
_c2009
300 _a555
650 _aEngineering
_vElectrical Engineering
942 _cBK
999 _c10449
_d10449